000 00355nam a2200133Ia 4500
008 231129s1998||||xx |||||||||||||| ||spa||
020 _a958-30-0256-9
040 _bspa
082 _aR 614.88 P953
245 0 _aPrimeros auxilios : manual de consulta
260 _c1998
264 _aPanamericana
942 _2ddc
_cBKS
999 _c23193
_d23193